Prācina Oḍiā gīti kabitā. (Record no. 76562)

MARC details
000 -LEADER
fixed length control field 00620cam a22002291 4500
001 - CONTROL NUMBER
control field sa 67007404
003 - CONTROL NUMBER IDENTIFIER
control field DLC
005 - DATE AND TIME OF LATEST TRANSACTION
control field 20260227112415.0
008 - FIXED-LENGTH DATA ELEMENTS--GENERAL INFORMATION
fixed length control field 890815s1966 ii 000 0 orio
010 ## - LIBRARY OF CONGRESS CONTROL NUMBER
LC control number sa 67007404
035 ## - SYSTEM CONTROL NUMBER
System control number (OCoLC)20181317
040 ## - CATALOGING SOURCE
Original cataloging agency DLC
Transcribing agency WaU
Modifying agency DLC
042 ## - AUTHENTICATION CODE
Authentication code premarc
050 00 - LIBRARY OF CONGRESS CALL NUMBER
Classification number PK2576
Item number .M48
100 1# - MAIN ENTRY--PERSONAL NAME
Personal name Misra, Gopal Chandra,
Dates associated with a name 1925-
245 10 - TITLE STATEMENT
Title Prācina Oḍiā gīti kabitā.
Remainder of title Types of early Oriya lyrical poetry.
260 ## - PUBLICATION, DISTRIBUTION, ETC.
Date of publication, distribution, etc. [1966]
300 ## - PHYSICAL DESCRIPTION
Extent 21, 144 p.
Dimensions 19 cm.
500 ## - GENERAL NOTE
General note In Oriya.
650 #0 - SUBJECT ADDED ENTRY--TOPICAL TERM
Topical term or geographic name entry element Oriya poetry.
740 0# - ADDED ENTRY--UNCONTROLLED RELATED/ANALYTICAL TITLE
Uncontrolled related/analytical title Types of early Oriya lyrical poetry.

No items available.

Powered by Koha